Vilains du DC Universe #2 - Statistiques

Statistiques générales
  • Ce quiz a été pris 81 fois
  • Le résultat moyen est 16 sur 30
Statistiques - réponses
Par images Réponse % Correct
Killer Croc
97%
Gueule d'Argile / Clayface
90%
Man-Bat
87%
le Chapelier Fou / Mad Hatter
79%
Amanda Waller
78%
Captain Boomerang
76%
Lobo
75%
Solomon Grundy
75%
King Shark
68%
Steppenwolf
66%
Hugo Strange
65%
Atrocitus
62%
Black Mask
60%
Silence / Hush
60%
Professeur Zoom
54%
Starro
53%
Metallo
46%
Talia al Ghul
46%
Trigon
43%
Maître des Miroirs / Mirror Master
41%
Anti-Monitor
40%
Giganta
40%
le Parasite
38%
Amazo
34%
Mongul
31%
Desaad
28%
Nekron
28%
Maxwell Lord
22%
Monsieur Mxyzptlk / Mister Mxyzptlk
18%
Prometheus
15%
Aucun quiz correspondant
Distribution des résultats
% des personnes avec chaque résultat
Percentile par nombre de réponses
Votre historique - résultats
Vous n’avez pas pris ce quiz